| 000 | 00588nam a2200229Ia 4500 | ||
|---|---|---|---|
| 003 | BUBTL | ||
| 008 | 151213s9999 xx 000 0 und d | ||
| 020 | _a9788130912950 | ||
| 082 | _a822.33/ Sh152t/ 2010 | ||
| 100 |
_aShakespeare _91990 |
||
| 245 |
_aThe Tempest : _cShakespeare |
||
| 250 | _a1st Edn | ||
| 260 |
_aNew Delhi _bViva Books _cc2010 |
||
| 300 |
_a[xiii],276p. : _b23 cm |
||
| 500 | _aIncludes Index | ||
| 650 | _aEnglish Literature | ||
| 650 | _a | ||
| 700 | _aShakespeare | ||
| 856 |
_k0 _l0 _yDownload |
||
| 942 |
_2ddc _cBK |
||
| 999 |
_c5038 _d5038 |
||